Led Zeppelin: Albums by Cover - Statistics

General Stats
  • This quiz has been taken 126 times
  • The average score is 7 of 9
Answer Stats
Picture Hint Answer % Correct
1969 Led Zeppelin
99%
1969 Led Zeppelin II
97%
1970 Led Zeppelin III
96%
1971 Led Zeppelin IV
94%
1975 Physical Graffiti
85%
1973 Houses of the Holy
84%
1982 Coda
72%
1979 In Through the Out Door
58%
1976 Presence
57%
No matching quizzes found
Score Distribution
Percent of People with Each Score
Percentile by Number Answered
Your Score History
You have not taken this quiz